Servicio de Asesoramiento al Empleo para la Mancomunidad del Raiguer / (Record no. 3350)

MARC details
000 -LEADER
campo de control de longitud fija 00811nam a2200289Ia 4500
001 - NÚMERO DE CONTROL
campo de control 002265
008 - DATOS DE LONGITUD FIJA--INFORMACIÓN GENERAL
campo de control de longitud fija 221003s1995 xx 000 0 spa d
035 ## - NÚMERO DE CONTROL DEL SISTEMA
Número de control de sistema CENDO_3351
041 ## - CÓDIGO DE IDIOMA
Código de lengua del texto/banda sonora o título independiente spa
084 ## - OTRO NÚMERO DE CLASIFICACIÓN
Número de clasificación EM-00026-00003
245 #0 - MENCIÓN DEL TÍTULO
Título Servicio de Asesoramiento al Empleo para la Mancomunidad del Raiguer /
Mención de responsabilidad, etc. CCOO de Les Illes Balears
260 ## - PUBLICACIÓN, DISTRIBUCIÓN, ETC.
Lugar de publicación, distribución, etc. [S.l. :
Nombre del editor, distribuidor, etc. s.n.],
Fecha de publicación, distribución, etc. 1995
300 ## - DESCRIPCIÓN FÍSICA
Extensión 31 h. ;
Dimensiones 30 cm
650 ## - PUNTO DE ACCESO ADICIONAL DE MATERIA--TÉRMINO DE MATERIA
Término de materia o nombre geográfico como elemento de entrada ASESORAMIENTO PROFESIONAL
9 (RLIN) 1995
650 ## - PUNTO DE ACCESO ADICIONAL DE MATERIA--TÉRMINO DE MATERIA
Término de materia o nombre geográfico como elemento de entrada ASEM
9 (RLIN) 4161
650 #0 - PUNTO DE ACCESO ADICIONAL DE MATERIA--TÉRMINO DE MATERIA
Término de materia o nombre geográfico como elemento de entrada ACTITUD SINDICAL
9 (RLIN) 61
650 ## - PUNTO DE ACCESO ADICIONAL DE MATERIA--TÉRMINO DE MATERIA
Término de materia o nombre geográfico como elemento de entrada CCOO
9 (RLIN) 60
650 ## - PUNTO DE ACCESO ADICIONAL DE MATERIA--TÉRMINO DE MATERIA
Término de materia o nombre geográfico como elemento de entrada ISLAS BALEARES
9 (RLIN) 417
710 ## - ENTRADA AGREGADA--NOMBRE DE ENTIDAD CORPORATIVA
Nombre de entidad corporativa o nombre de jurisdicción como elemento de entrada CCOO
Unidad subordinada Confederación Sindical de Les Illes Balears
9 (RLIN) 4174
901 ## - ELEMENTOS DE DATOS A LOCAL LDA (RLIN)
a 0
903 ## - ELEMENTOS DE DATOS C LOCAL, LDC (RLIN)
a NO
904 ## - ELEMENTOS DE DATOS D LOCAL, LDD (RLIN)
a 000
953 ## -
-- 1997-03-25
-- DOCUMENTO
-- EM-00026-00003
910 ## - DATOS DE OPCIÓN DEL USUARIO (OCLC)
Datos de opción del usuario 1995
942 ## - ELEMENTOS DE ENTRADA SECUNDARIOS (KOHA)
Tipo de ítem Koha Documento
Holdings
Estatus retirado Estado de pérdida Estado de daño No para préstamo Biblioteca de origen Biblioteca actual Fecha de adquisición Total de préstamos Signatura topográfica completa Código de barras Visto por última vez Precio de reemplazo Tipo de ítem Koha
        CENDO CENDO 25/03/1997   EM-00026-00003 CENDO_3351 05/10/2022 05/10/2022 Documento